Score 0/17 Timer 03:00
0 Plays Today
Movie Title Missing Word % Correct
A Clockwork _______Orange
95.7%
Beetle_______Juice
94.7%
The _________ ClubBreakfast
92%
____'s LabyrinthPan
82.4%
Canadian ______Bacon
78.3%
The ________ PatientEnglish
77.2%
Children of the _____Corn
74.5%
_____ the HedgeOver
73.3%
Layer _____Cake
72.3%
Movie Title Missing Word % Correct
_____ RiderEasy
69.1%
Mystic ______Pizza
62.7%
The _____ and IEgg
56.6%
_____ MountainCold
54.9%
____ and SympathyTea
43%
________ and CigarettesCoffee
42.6%
_____ MoneyMilk
29.9%
______ and RosesBread
26.9%

Today's Daily Dose

Remove Ads.
Support Sporcle.
Get the best of Sporcle when you Go Orange. This ad-free experience offers more features, more stats, and more fun while also helping to support Sporcle. Thank you for becoming a member.

You're not logged in!

Compare scores with friends on all Sporcle quizzes.
OR
Log In

Show Comments

Extras

Top Quizzes Today


Score Distribution

Your Account Isn't Verified!

In order to create a playlist on Sporcle, you need to verify the email address you used during registration. Go to your Sporcle Settings to finish the process.

Report this User

Report this user for behavior that violates our Community Guidelines.

Details: